Jesús y sus primeros discípulos
Պահպանված է:
| Հիմնական հեղինակ: | |
|---|---|
| Համատեղ հեղինակ: | |
| Ձևաչափ: | Գիրք |
| Լեզու: | իսպաներեն |
| Հրապարակվել է: |
Pamplona
Verbo Divino
2007
|
| Հրատարակություն: | 1a. ed |
| Շարք: | Asociación Bíblica Española, 46
|
| Խորագրեր: | |
| Ցուցիչներ: |
Ավելացրեք ցուցիչ
Չկան պիտակներ, Եղեք առաջինը, ով նշում է այս գրառումը!
|
MARC
| LEADER | 00000cam a2200000 a 4500 | ||
|---|---|---|---|
| 001 | UCD2038 | ||
| 003 | CL-VaPUC | ||
| 008 | 160407e20070000sp |||||||||||||||||spa|d | ||
| 020 | |a 9788481697148 | ||
| 082 | 0 | 4 | |a 232.95 |b GUI |2 21 |
| 100 | |a Guijarro Oporto, Santiago |e author |9 598556 | ||
| 110 | 2 | |a Institución San Jerónimo |e author |9 585286 | |
| 245 | 1 | 0 | |a Jesús y sus primeros discípulos |
| 250 | |a 1a. ed | ||
| 300 | |a 288 p | ||
| 942 | |c BK | ||
| 945 | |d 20160407 22:06:00 |a arojas | ||
| 260 | |a Pamplona |b Verbo Divino |c 2007 | ||
| 600 | 0 | |a Jesús |9 313614 | |
| 650 | 0 | |a Cristología |9 315091 | |
| 650 | 7 | |a DISCIPULOS |2 CL-VaPUC |9 389595 | |
| 650 | 0 | |a Vida de Jesús |9 478097 | |
| 583 | |a last modification |c 20160407 22:06:00 |k Rodrigo Vera | ||
| 490 | 0 | |a Asociación Bíblica Española, 46 | |
| 999 | |c 363244 |d 363242 | ||
| 952 | |0 0 |1 0 |3 erb |4 0 |6 232_950000000000000_GUI_2007 |7 0 |8 A |9 475132 |a BIBTEO |b BIBTEO |i 5280389 |o 232.95 GUI 2007 |p 5280389 |r 2025-01-17 |w 2019-11-24 |y BK |z Catalogado en:20160407 |k ICR | ||